000 00605nam a2200205 i 4500
001 72222
003 ES-MaACL
007 t|
008 040827s1953 sp ||||1| spa d
100 1 _aGilliard, Charles.
_956972
245 1 0 _aHistoria de Suiza /
_cCharles Gilliard ;traducción española de L. Sánchiz Morales.
250 _a[1ª ed. española].
260 _a[S.l. :
_bs.n.,
_c1953]
300 _a139 p. :
_bil. ;
_c17 cm.
490 1 _aSurco ;
_v82
700 1 _aSánchiz Morales, L.
_9103024
830 0 _aSurco ;
_v82
_9181374
852 _aES-MaACL
_jC-6151
_bR.34917
999 _c72222
_d72222